MDQL
is popping MORE tags! Check the
thread
!
Quizzes
Events
Quiz Creation
Community
Videos
Private Events
Remove Ads
Sign In
Join for FREE
Feedback
Dark Mode
Quiz Categories
Sports
Geography
Music
Movies
Television
Just For Fun
Miscellaneous
History
Literature
Language
Science
Gaming
Entertainment
Religion
Holiday
For Kids
Quiz Lab
Recent
Popular Today
Quiz Kudos Today
Editor Picks
Curator Picks
Quizzes by...
Day
Popularity
Type
Ratings
Length
Year
Community
Subscriptions
Recent Discussions
Orange Saloon
Badges
Playlists
Quests
Create
Leaderboards
Showdown
Live 5
Trivia Bingo
Activity
Puzzle Library
Sporcle Events
Private Events
Virtual Trivia
Globe League
Become a Host
Pub Owners
SporcleCon
Opinionation
Our Games
Videos
Blog
Mobile Apps
Partnerships
Remove Ads and Go Orange
Feedback
Literature
Harry Potter
A Song of Ice and Fire
The Hunger Games
Literary Character
Shakespeare
Book
Author
Novel
Poem
Young Adult
Children's Books
Play
Lord of the Rings
Literature
Harry Potter
A Song of Ice and Fire
The Hunger Games
Literary Character
Shakespeare
Book
Author
Novel
Poem
Young Adult
Children's Books
Play
Lord of the Rings
Random Quiz
Search Sporcle
×
Quiz Lab
Quiz Lab
Literature
Shakespeare
Type in answers that appear in a list
Type in answers that appear in a list
Classic
Best Score? Go Orange.
Othello Quotes Stats
Can you name the Othello Quotes?
By
1039213
10m
46 Questions
13 Plays
13 Plays
13 Plays
Comments
Comments
Give Quiz Kudos
Give Quiz Kudos
-
- Ratings
hide this ad
Replay
Link that replays current quiz
Next Quiz
Link to next quiz in quiz playlist
You Got
0%
They Got
Avg Score
2%
Avg Friend Score
Upgrade to see
Score Distribution
Jump to the score distribution portion of the page
Score
0/46
Timer
10:00
0
Plays Today
Who Said it
Quote
% Correct
Iago
Honest Iago
46.2%
Iago
An old black ram, is tupping your white ewe.
30.8%
Othello
Fair devil
15.4%
Iago
Put money in thy purse
15.4%
Othello
My parts, my title, my perfect soul shall manifest me rightly
7.7%
Othello
She loved me for the dangers I had passed, and I loved her that she did pity them
7.7%
Iago
Ha, I like not that
7.7%
Othello
And for I know thou'rt full of love and honesty
0%
Othello
Arise black vengeance
0%
Othello
The handkerchief... The handkerchief... The handkerchief... The handkerchief
0%
Othello
Farewell the tranquil mind! Farewell... Farewell... Farewell... Farewell
0%
Othello
But I do love thee; and when I love thee not, chaos is come again
0%
Othello
I will tear her to pieces
0%
Othello
Keep up your bright swords, for the dew will rust them.
0%
Othello
[He strikes her]
0%
Othello
That's he that was Othello; here I am
0%
Othello
Most potent, grave, and reverend seigniors
0%
Othello
As if there were some monster in his thought
0%
Othello
I have done the state some service and they know't: no more of that
0%
Othello
Speak of me as I am
0%
Othello
Of one that loved not wiself, but too well, of one of not easily jealous but, being wrought
0%
Othello
Of one whose subdued eyes, albeit unused to the melting mood
0%
Othello
Where a malignant and turbaned Turk
0%
Who Said it
Quote
% Correct
Iago
Our bodies are our gardens, to which the wills are gardeners
0%
Iago
That doting on his own obsequious bondage, wears out his time much like his master's ass
0%
Iago
Thus credulous fools are caught
0%
Iago
[He kneels]
0%
Iago
I know my price, I am no worse a place
0%
Iago
It is the green-eyed monster which doth mock the meat it feeds on
0%
Iago
Men should be what they seem
0%
Iago
I'll pour this pestilence into his ear
0%
Iago
So will I turn her virtue into pitch, And out of her own goodness make the net.
0%
Iago
I hate the Moor, And it is thought abroad that 'twixt my sheets, he's done my office.
0%
Iago
But I will wear my heart upon my sleeve, for daws to peck at: I am not what I am
0%
Iago
If thou canst cuckold him, thou doth thyself a pleasure, me a sport.
0%
Iago
A man he is of honesty and trust.
0%
Iago
When devils will the blackest sins put on, they do suggest at first with heavenly shows.
0%
Iago
Mere prattle without practice
0%
Iago
Hell and night, must bring this monstrous birth to the world's light
0%
Desdemona
Is true of mind and made of no such baseness, as jealous creatures are, it were enough, to put him to ill-thinking
0%
Roderigo
Clasps of a lascivious Moor
0%
Cassio
This I did fear, but thought he had no weapon, for he was great at heart.
0%
Brabantio
O thou foul thief, where hast thou stowed my daughter
0%
Brabantio
If she in chains of magic were not bound.
0%
Duke
If virtue no delighted beauty lack, your son-in-law is far more fair than black
0%
Emilia
But jealous for they're jealous. 'Tis a monster, begot upon itself, born on itself.
0%
Quiz Playlist
Details
Report
Send in Message
Add To Playlist
Classic:
Type in answers that appear in a list
Last Updated: Apr 24, 2017
Quiz Scoreboard
CHALLENGE
Sign Up to Join the Scoreboard
Show All
Scores
Hide
Comments
May contain spoilers
Recently Published
5x2 Blitz: Bands
by SL_Kpop136
Music
30s
Colored Red Africa Blitz
by spor1
Geography
30s
Find the 'City' Movie
by crazypaving
Movies
60s
More to Explore
Quiz From the Vault
Featured Blog Post
14 Easter Pick-up Lines to Find Eggs With
hide this ad
You Might Also Like...
Tags
Quote Quiz
Shakespeare Quiz
Today's Top Quizzes in Literature
Browse Literature
hide this ad
Today's Top Quizzes in Shakespeare
Browse Shakespeare
Top Contributed Quizzes in Literature
1
Sneaky Slytherin Logic Puzzle
2
Harry Potter Slytherin Logic Puzzle
3
Get The Picture: Black or White Literature
4
A Song of Ice and Fire Logic Puzzle
5
Logic Puzzle: Avoid Dumbledore's Army
6
Mini Trivia Sudoku: A Song of Ice and Fire
7
'Middle' Earth
8
Quick Pick: Easter in Book Titles
9
Books By Opening Lines IV
10
The Hunger Games Logic Puzzle: Find Katniss
Explore More
Trending Topics
Marvel
Crossword
Kpop
Disney
Harry Potter
Anime
NBA
Puzzle
Soccer
The Office
WWE
Country
Song
NFL
Pokémon
hide this ad
More By:
1039213
Quiz
Plays
Rating
Category
Featured
Created
Othello Quotes
13
Literature
Apr 24, 2017
Go to Creator's Profile
Score Distribution
Quiz Creator Spotlight
1039213
Follow
Send a Message
Quizzes Created
-
Created Quiz Play Count
-
More By This Creator
Popular Quizzes Today
1
Colored Red Africa Blitz
2
Find the 'City' Movie
3
Find the US States - No Outlines Minefield
4
5x2 Blitz: Bands
5
The Countries of the World
6
Find the US States
7
US States
8
Find the Countries of Europe - No Outlines Minefield
More Literature Quizzes
Click the Imposter Blitz: Harry Potter
Curator's Pick
Trending Quizzes
Colored Red Europe Blitz I
Colored Red Africa Blitz II
Colored Red Europe Blitz II
Colored Red Europe Blitz III
Colored Red Africa Blitz III
Recently Updated
How Do You Spell That?
pecheneg
Godzilla Movies
pecheneg
Grab Bag: 4-10 Letters
pecheneg
2024 March Madness Bracket
pecheneg
Famous TV Couples
Peacemaker
Champions League XIs: Real Madrid
pecheneg
Largest US Cities 1790-2010
pecheneg
Rides in Walt Disney World
pecheneg
Most Oscar Losses (Acting)
pecheneg
Beyoncé Albums
pecheneg
Trending Topics
Anime
Kpop
NBA
Disney
Harry Potter
Marvel
Crossword
The Office
NFL
WWE
Country
Puzzle
Song
Pokémon
Soccer
Your Account Isn't Verified!
In order to create a playlist on Sporcle, you need to verify the email address you used during registration. Go to your
Sporcle Settings
to finish the process.
Report this User
Report this user for behavior that violates our
Community Guidelines
.
Details:
Send Report
Go to the Sporcle.com Mobile Site →
Comments